| 000 | 00451nam a2200157 4500 | ||
|---|---|---|---|
| 003 | SEACOMEC | ||
| 005 | 20250424133305.0 | ||
| 008 | 250424b |||||||| |||| 00| 0 eng d | ||
| 020 |
_a0596554362, _c625.00 |
||
| 040 | _aSEACOMEC | ||
| 082 |
_a005.5 _bK584 |
||
| 100 | _aKing, Lesa Snider | ||
| 245 |
_aPhotoshop CS4: The Missing Manual / _cLesa Snider King |
||
| 260 |
_a Mumbai : _bShroff Publishers & Distributors Pvt. Ltd. _c2009 |
||
| 942 | _cBOOK | ||
| 999 |
_c2226 _d2226 |
||